Responses for Show #4627 - Tuesday, October 19, 2004

2004-B Kids Week game 2.

Contestants

[<< previous game]

Emily Riippa, a 12-year-old seventh grader from Grand Rapids, Michigan

Nithya Kubendran, an 11-year-old seventh grader from Quartz Hill, California

Jake Houser, a 12-year-old seventh grader from Aptos, California

[next game >>]

Jeopardy! Round responses

YELLOWSTONE NATIONAL PARK
TV SHOW ROLL CALL
NUMBER, PLEASE
LITERATURE
FAMOUS NAMES
I'VE GOT AN "ITCH"
    $200 26
Old Faithful

Nithya
    $200 11
SpongeBob SquarePants

Emily
    $200 1
911

Emily
    $200 2
Egypt

Jake
    $200 16
Orville Wright

Emily
    $200 21
a witch

Nithya
    $400 27
(Jake: What is a coyote?)

a wolf

JakeNithya
    $400 12
Pokémon

Jake
    $400 3
8

Nithya
    $400 4
Hans Christian Andersen

Emily
    $400 17
Muhammad Ali

Triple Stumper
    $400 22
Quidditch

Nithya
    $600 28
the crust

Jake
    $600 13
The Simpsons

Emily
    $600 8
9

Emily
    $600 5
Rudyard Kipling

Nithya
    $600 18
Michelangelo

Emily
    $600 23
Stitch

Jake
    $800 29
sulfur

Nithya
    $800 14
(Nithya: What the Cedric the Entertainer?)

The Bernie Mac Show

Nithya
Triple Stumper
    $800 9
300

Nithya
    $1,000 6
Little Women

Nithya
    $800 19
(Jake: What is England?)

Israel

JakeEmily
    $800 24
pitch

Jake
    $1000 30
the continental divide

Emily
    $1000 15
That '70s Show

Triple Stumper
    $1000 10
50

Jake
    $1000 7
Charles Dickens

Emily
    $1000 20
Nelson Mandela

Emily
    $1000 25
a switch

Nithya

Scores at the first commercial break (after clue 15):

Jake Nithya Emily
$1,600 $2,000 $3,000

Scores at the end of the Jeopardy! Round:

Jake Nithya Emily
$2,400 $5,000 $6,600

Double Jeopardy! Round responses

BALLET & OPERA
VOCABULARY TEST
WHEN THEY WERE KIDS
THE NIGHTTIME SKY
COOKING CLASS
HOOP OF THE DAY
    $400 3
December

Jake
    $400 4
Thursday

Nithya
    $400 24
Superman

Emily
    $400 12
Halley's Comet

Emily
    $400 1
an igloo

Jake
    $400 21
Yao Ming

Jake
    $800 13
an apple

Emily
    $800 5
biography

Jake
    $800 25
France

Jake
    $800 17
Leo

Jake
    $800 2
raisins

Emily
    $800 22
Phil Jackson

Triple Stumper
    $1200 14
puppets (or marionettes)

Nithya
    $1200 6
pollywog

Triple Stumper
    $1200 26
(Nithya: What is Peru?)

Brazil

JakeNithya
    $1200 18
asteroids

Emily
    $1200 9
taffy

Jake
    $1200 23
the Detroit Pistons

Emily
    $1600 15
Swan Lake

Nithya
    $1600 7
adverbs

Nithya
    $1600 27
Wolfgang Amadeus Mozart

Jake
    $400 19
Venus

Emily
    $1600 10
mushrooms

Jake
    $1600 29
Vince Carter

Triple Stumper
    $2000 16
Nefertiti

Emily
    $2000 8
petrified

Nithya
    $2000 28
(Jake: Who are Romulus and Romeus?)

Romulus and Remus

JakeNithya
    $2000 20
Sirius

Nithya
    $2000 11
a cherry

Triple Stumper
    $100 30
(Nithya: I don't know.)

LeBron James

Nithya

Scores at the end of the Double Jeopardy! Round:

Jake Nithya Emily
$9,600 $14,500 $13,800

[wagering suggestions for these scores]

Final Jeopardy! Round responses

U.S. GEOGRAPHY
JakeWhat is Puerto Rico?
$6,000
EmilyWhat is Hawaii? (The Big Island)
$1,000
NithyaWhat is Manhattan?
$5,500
Hawaii

Final scores:

Jake Nithya Emily
$3,600 $9,000 $14,800
3rd place: $1,000 + an AOL for Broadband computer package 2nd place: $2,000 + an AOL for Broadband computer package Winner: $14,800 + an AOL for Broadband computer package

Game dynamics:

Coryat scores:

Jake Nithya Emily
$9,600 $14,400 $15,000
16 R,
3 W
17 R
(including 1 DD),
3 W
(including 1 DD)
19 R
(including 1 DD),
0 W

Combined Coryat: $39,000

[game clues] [game scores] [suggest correction]

Game tape date: 2004-08-24
The J! Archive is created by fans, for fans. Scraping, republication, monetization, and malicious use prohibited; this site may use cookies and collect identifying information. See terms. The Jeopardy! game show and all elements thereof, including but not limited to copyright and trademark thereto, are the property of Jeopardy Productions, Inc. and are protected under law. This website is not affiliated with, sponsored by, or operated by Jeopardy Productions, Inc. Join the discussion at JBoard.tv.